Descripción geográfica de las islas Canarias / (Record no. 12731)

MARC details
000 -LEADER
campo de control de longitud fija 01344nam a2200313 i 4500
001 - NÚMERO DE CONTROL
campo de control 12731
003 - IDENTIFICADOR DE NÚMERO DE CONTROL
campo de control ES-MaACL
005 - FECHA Y HORA DE LA ÚLTIMA TRANSACCIÓN
campo de control 20250808063455.0
008 - DATOS DE LONGITUD FIJA--INFORMACIÓN GENERAL
campo de control de longitud fija 900703s1988 sp bf |||| | spa j
017 ## - NÚMERO DE COPYRIGHT O DE DEPÓSITO LEGAL
Número de copyright o de depósito legal M 23585-1988
Agencia que asigna Oficina Depósito Legal Madrid
020 ## - NÚMERO INTERNACIONAL ESTÁNDAR DEL LIBRO
Número Internacional Estándar del Libro 84-505-7784-5
040 ## - FUENTE DE CATALOGACIÓN
Centro/agencia transcriptor ES-MaACL
080 ## - NÚMERO DE LA CLASIFICACIÓN DECIMAL UNIVERSAL
Número de la Clasificación Decimal Universal 916.49"18"
100 1# - ENTRADA PRINCIPAL--NOMBRE DE PERSONA
Nombre de persona Puerta Canseco, Juan de la,
Fechas asociadas al nombre 1827-1902
Término indicativo de función/relación Autor
9 (RLIN) 94174
245 10 - MENCIÓN DEL TÍTULO
Título Descripción geográfica de las islas Canarias /
Mención de responsabilidad, etc. por Juan de la Puerta Canseco ; [edición al cuidado de Carlos Gaviño de Franchy]
260 ## - PUBLICACIÓN, DISTRIBUCIÓN, ETC.
Lugar de publicación, distribución, etc. [Santa Cruz de Tenerife] :
Nombre del editor, distribuidor, etc. Viceconsejería de Cultura y Deportes,
Fecha de publicación, distribución, etc. [1988]
300 ## - DESCRIPCIÓN FÍSICA
Extensión 92 páginas, [23] hojas de láminas, [1] hoja plegada de mapa ;
Dimensiones 22 cm
490 1# - MENCIÓN DE SERIE
Mención de serie Facsímiles de literatura científica canaria
534 ## - NOTA SOBRE LA VERSIÓN ORIGINAL
Frase introductoria Reprod. facs. de la ed. de:
Publicación, distribución, etc. del original Nueva ed. corr. y aum. Santa Cruz de Tenerife : Anselmo J. Benítez, 1897
651 #0 - PUNTO DE ACCESO ADICIONAL DE MATERIA--NOMBRE GEOGRÁFICO
Nombre geográfico Canarias-
Subdivisión general Descripción-
Subdivisión cronológica S.XIX
9 (RLIN) 241649
655 #7 - TERMINO DE INDIZACIÓN--GENERO/FORMA
Datos o término principal de género/forma Facsímiles
Fuente del término tgfbne
9 (RLIN) 226495
700 1# - ENTRADA AGREGADA--NOMBRE PERSONAL
Nombre de persona Gaviño de Franchy, Carlos
Término indicativo de función/relación Editor literario
9 (RLIN) 56085
710 1# - ENTRADA AGREGADA--NOMBRE DE ENTIDAD CORPORATIVA
Nombre de entidad corporativa o nombre de jurisdicción como elemento de entrada Canarias.
Unidad subordinada Viceconsejería de Cultura y Deportes
Término indicativo de función/relación Editor
9 (RLIN) 2427
830 #0 - PUNTO DE ACCESO ADICIONAL DE SERIE-TÍTULO UNIFORME
Título uniforme Facsímiles de literatura canaria
9 (RLIN) 179364
852 ## - LOCALIZACIÓN
Ubicación ES-MaACL
Ubicación en estantería Depósito 2
Número de control de estantería L-20065
942 ## - ELEMENTOS DE ENTRADA SECUNDARIOS (KOHA)
Tipo de ítem Koha Libro impreso
Suprimir en OPAC No
Holdings
Estatus retirado Estado de pérdida Fuente del sistema de clasificación o colocación Estado de daño No para préstamo Biblioteca de origen Biblioteca actual Ubicación en estantería Fecha de adquisición Total de préstamos Signatura topográfica completa Código de barras Visto por última vez Precio de reemplazo Tipo de ítem Koha
    Clasificación decimal universal     Biblioteca del Ateneo de Madrid Biblioteca del Ateneo de Madrid Depósito 2 17/01/2008   L-20065 1012968 23/02/2023 23/02/2023 Libro impreso